[Event "Williamson Sheild 2026"]
[Site "Maynard Sinclaire Pavilion, Stormont, Belfast, United Kingdom"]
[Date "2026.01.24"]
[Round "3.2"]
[White "Alwin, Micheal"]
[Black "Landmark, Gabriel"]
[Result "1/2-1/2"]
[TimeControl "60' + 30\""]
[WhiteFideId "25150103"]
[BlackFideId "2524848"]
[WhiteElo "1852"]
[BlackElo "1953"]

1. e4 {[%clk 01:00:58]} {[%emt 00:00:34]} c5 {[%clk 01:00:50]} {[%emt
00:00:04]} 2. Nf3 {[%clk 01:01:24]} Nc6 {[%clk 01:01:16]} 3. d4 {[%clk
01:01:49]} cxd4 {[%clk 01:01:42]} 4. Nxd4 {[%clk 01:02:17]} {[%emt 00:00:05]}
Nf6 {[%clk 01:02:01]} {[%emt 00:00:04]} 5. Nc3 {[%clk 01:02:41]} {[%emt
00:00:05]} e5 {[%clk 01:02:27]} {[%emt 00:00:05]} 6. Ndb5 {[%clk 01:03:01]}
{[%emt 00:00:08]} d6 {[%clk 01:02:48]} {[%emt 00:00:09]} 7. Nd5 {[%clk
01:02:47]} {[%emt 00:00:41]} Nxd5 {[%clk 01:03:08]} {[%emt 00:00:44]} 8. exd5
{[%clk 01:03:15]} Nb8 {[%clk 01:03:24]} {[%emt 00:00:05]} 9. a4 {[%clk
01:03:40]} a6 {[%clk 01:02:41]} {[%emt 00:00:55]} 10. Na3 {[%clk 01:04:02]}
{[%emt 00:00:36]} Be7 {[%clk 01:02:46]} {[%emt 00:00:09]} 11. Nc4 {[%clk
01:04:09]} {[%emt 00:00:16]} Nd7 {[%clk 01:01:06]} {[%emt 00:02:04]} 12. a5
{[%clk 01:04:24]} {[%emt 00:00:39]} b5 {[%clk 01:00:47]} {[%emt 00:00:25]} 13.
axb6 {[%clk 01:04:38]} {[%emt 00:00:29]} Nxb6 {[%clk 01:01:11]} 14. Be3 {[%clk
01:05:00]} {[%emt 00:00:04]} Nxc4 {[%clk 01:01:05]} {[%emt 00:00:58]} 15. Bxc4
{[%clk 01:05:28]} {[%emt 00:00:04]} O-O {[%clk 01:00:31]} {[%emt 00:00:35]} 16.
O-O {[%clk 01:05:54]} {[%emt 00:00:12]} f5 {[%clk 01:00:39]} {[%emt 00:00:41]}
17. f4 {[%clk 01:06:06]} {[%emt 00:00:04]} e4 {[%clk 01:00:09]} {[%emt
00:00:48]} 18. Qe2 {[%clk 01:06:25]} {[%emt 00:00:41]} Bb7 {[%clk 00:58:42]}
{[%emt 00:01:54]} 19. Rfd1 {[%clk 01:06:25]} {[%emt 00:00:09]} a5 {[%clk
00:58:18]} {[%emt 00:00:49]} 20. b3 {[%clk 01:06:27]} {[%emt 00:00:28]} Bf6
{[%clk 00:57:44]} {[%emt 00:01:04]} 21. Ra4 {[%clk 01:06:16]} {[%emt 00:00:47]}
Bc3 {[%clk 00:51:35]} {[%emt 00:06:33]} 22. Bb5 {[%clk 01:05:36]} {[%emt
00:01:10]} Qf6 {[%clk 00:48:22]} {[%emt 00:03:50]} 23. Rc4 {[%clk 01:05:48]}
{[%emt 00:00:11]} Rfc8 {[%clk 00:45:30]} {[%emt 00:03:19]} 24. Rxc8+ {[%clk
01:03:12]} {[%emt 00:03:09]} Rxc8 {[%clk 00:45:18]} {[%emt 00:00:48]} 25. g4
{[%clk 01:02:44]} {[%emt 00:00:54]} fxg4 {[%clk 00:25:45]} {[%emt 00:20:01]} 26.
Qxg4 {[%clk 01:02:56]} {[%emt 00:00:18]} Rf8 {[%clk 00:24:59]} {[%emt
00:01:42]} 27. Qe6+ {[%clk 00:59:46]} {[%emt 00:03:14]} Kh8 {[%clk 00:24:45]}
{[%emt 00:00:44]} 28. Qxe4 {[%clk 00:59:40]} {[%emt 00:00:44]} Bc8 {[%clk
00:24:26]} {[%emt 00:00:42]} 29. Bd4 {[%clk 00:53:51]} {[%emt 00:06:49]} Bxd4+
{[%clk 00:24:36]} 30. Qxd4 {[%clk 00:54:20]} Qg6+ {[%clk 00:17:24]} {[%emt
00:07:33]} 31. Kh1 {[%clk 00:53:19]} {[%emt 00:01:31]} Bg4 {[%clk 00:17:36]}
{[%emt 00:00:21]} 32. Rf1 {[%clk 00:52:30]} {[%emt 00:01:34]} Qxc2 {[%clk
00:17:37]} {[%emt 00:00:09]} 33. Qd3 {[%clk 00:52:27]} {[%emt 00:00:31]} Qxd3
{[%clk 00:15:19]} {[%emt 00:02:52]} 34. Bxd3 {[%clk 00:52:52]} {[%emt
00:00:46]} Bf5 {[%clk 00:15:21]} {[%emt 00:00:04]} 35. Bc4 {[%clk 00:53:19]}
Rc8 {[%clk 00:12:07]} {[%emt 00:03:30]} 36. Re1 {[%clk 00:53:13]} {[%emt
00:00:42]} Kg8 {[%clk 00:12:18]} {[%emt 00:00:16]} 37. Re7 {[%clk 00:51:44]}
{[%emt 00:02:06]} a4 {[%clk 00:12:24]} {[%emt 00:00:41]} 38. Kg2 {[%clk
00:51:10]} {[%emt 00:00:49]} axb3 {[%clk 00:12:26]} {[%emt 00:00:17]} 39. Bxb3
{[%clk 00:51:38]} {[%emt 00:00:46]} Rc3 {[%clk 00:12:43]} 40. Ba4 {[%clk
00:51:28]} {[%emt 00:00:08]} Kf8 {[%clk 00:10:39]} {[%emt 00:02:39]} 41. Re2
{[%clk 00:44:50]} {[%emt 00:07:03]} Rc4 {[%clk 00:10:28]} {[%emt 00:00:42]} 42.
Bc6 {[%clk 00:44:38]} {[%emt 00:00:44]} Rxf4 {[%clk 00:10:12]} {[%emt
00:00:44]} 43. Re8+ {[%clk 00:44:03]} {[%emt 00:01:04]} Kf7 {[%clk 00:10:36]}
{[%emt 00:00:10]} 44. Rd8 {[%clk 00:44:21]} {[%emt 00:00:56]} Rd4 {[%clk
00:10:06]} {[%emt 00:00:15]} 45. Kf3 {[%clk 00:42:01]} {[%emt 00:02:48]} h5
{[%clk 00:08:17]} {[%emt 00:02:21]} 46. Ke3 {[%clk 00:40:47]} {[%emt 00:01:49]}
Rh4 {[%clk 00:08:24]} {[%emt 00:00:28]} 47. Bb5 {[%clk 00:38:44]} {[%emt
00:02:20]} Rxh2 {[%clk 00:07:48]} {[%emt 00:01:31]} 48. Rxd6 {[%clk 00:38:32]}
{[%emt 00:00:24]} Rb2 {[%clk 00:08:03]} {[%emt 00:00:07]} 49. Bc4 {[%clk
00:38:50]} {[%emt 00:00:18]} h4 {[%clk 00:06:44]} {[%emt 00:01:44]} 50. Ra6
{[%clk 00:38:41]} {[%emt 00:00:51]} Rb7 {[%clk 00:05:35]} {[%emt 00:01:24]} 51.
d6+ {[%clk 00:38:38]} {[%emt 00:00:45]} Ke8 {[%clk 00:04:47]} {[%emt 00:01:51]}
52. Bd5 {[%clk 00:38:22]} {[%emt 00:00:12]} Rb8 {[%clk 00:05:02]} {[%emt
00:00:06]} 53. Kf4 {[%clk 00:38:40]} {[%emt 00:00:14]} Bd7 {[%clk 00:04:31]}
{[%emt 00:00:58]} 54. Ra3 {[%clk 00:38:05]} {[%emt 00:01:05]} Rd8 {[%clk
00:03:17]} {[%emt 00:01:41]} 55. Re3+ {[%clk 00:38:17]} {[%emt 00:00:26]} Kf8
{[%clk 00:03:35]} {[%emt 00:00:11]} 56. Re7 {[%clk 00:38:46]} {[%emt 00:00:05]}
Be8 {[%clk 00:03:11]} {[%emt 00:00:47]} 57. Ke5 {[%clk 00:38:05]} {[%emt
00:01:53]} Rd7 {[%clk 00:03:19]} {[%emt 00:00:05]} 58. Rxd7 {[%clk 00:36:57]}
{[%emt 00:01:50]} Bxd7 {[%clk 00:03:42]} 59. Kf4 {[%clk 00:37:23]} Ke8 {[%clk
00:03:04]} {[%emt 00:01:08]} 60. Kg5 {[%clk 00:37:42]} {[%emt 00:00:05]} h3
{[%clk 00:03:25]} {[%emt 00:00:17]} 61. Kh4 {[%clk 00:38:10]} g6 {[%clk
00:01:45]} {[%emt 00:02:02]} 62. Kg5 {[%clk 00:36:13]} {[%emt 00:02:35]} Bf5
{[%clk 00:01:17]} {[%emt 00:00:32]} 63. Bc6+ {[%clk 00:36:33]} {[%emt
00:00:37]} Kd8 {[%clk 00:01:40]} {[%emt 00:00:04]} 64. Kh4 {[%clk 00:36:58]}
Kc8 {[%clk 00:01:46]} {[%emt 00:00:05]} 65. Kg5 {[%clk 00:37:22]} {[%emt
00:00:37]} Kb8 {[%clk 00:01:29]} {[%emt 00:00:17]} 66. Kh4 {[%emt 00:01:23]}
1/2-1/2

[ePGN "0.1;DGT LiveChess/2.2.7"]

[Event "Williamson Sheild 2026"]
[Site "Maynard Sinclaire Pavilion, Stormont, Belfast, United Kingdom"]
[Date "2026.01.24"]
[Round "3.3"]
[White "Anayraj, Tripathy"]
[Black "Campbell, Andrew"]
[Result "0-1"]
[TimeControl "60' + 30\""]
[WhiteFideId "2523523"]
[BlackFideId "2518392"]
[WhiteElo "1821"]
[BlackElo "1904"]

1. e4 {[%clk 01:00:49]} {[%emt 00:00:04]} c5 {[%clk 01:00:42]} {[%emt
00:00:19]} 2. Nf3 {[%clk 01:01:12]} {[%emt 00:00:04]} Nc6 {[%clk 01:01:07]} 3.
Bb5 {[%clk 01:01:38]} Nf6 {[%clk 01:01:32]} 4. Bxc6 {[%clk 01:00:48]} {[%emt
00:01:18]} dxc6 {[%clk 01:01:41]} {[%emt 00:00:40]} 5. d3 {[%clk 01:01:11]} g6
{[%clk 01:01:04]} {[%emt 00:00:56]} 6. h3 {[%clk 01:01:36]} {[%emt 00:00:09]}
Bg7 {[%clk 01:01:30]} 7. Nc3 {[%clk 01:01:59]} {[%emt 00:00:19]} O-O {[%clk
01:01:30]} {[%emt 00:00:26]} 8. Be3 {[%clk 01:02:26]} b6 {[%clk 01:01:54]}
{[%emt 00:00:05]} 9. Qd2 {[%clk 01:02:48]} {[%emt 00:00:05]} Ba6 {[%clk
00:56:42]} {[%emt 00:05:39]} 10. a4 {[%emt 00:04:32]} e5 {[%clk 00:53:57]}
{[%emt 00:02:03]} 11. a5 {[%clk 01:00:15]} {[%emt 00:00:41]} Qc7 {[%clk
00:52:42]} {[%emt 00:01:16]} 12. O-O {[%clk 00:59:37]} {[%emt 00:01:08]} Nh5
{[%clk 00:50:36]} {[%emt 00:02:46]} 13. Ra3 {[%clk 00:59:20]} {[%emt 00:00:41]}
c4 {[%clk 00:42:59]} {[%emt 00:08:07]} 14. axb6 {[%clk 00:59:10]} {[%emt
00:00:42]} axb6 {[%clk 00:43:27]} 15. Rfa1 {[%emt 00:01:58]} Qb7 {[%clk
00:42:02]} {[%emt 00:00:09]} 16. Na4 {[%clk 00:59:04]} {[%emt 00:00:50]} c5
{[%clk 00:38:15]} {[%emt 00:04:24]} 17. Bxc5 {[%clk 00:55:01]} {[%emt
00:04:24]} bxc5 {[%clk 00:37:21]} {[%emt 00:01:25]} 18. Nxc5 {[%clk 00:55:28]}
{[%emt 00:00:15]} Qxb2 {[%clk 00:36:19]} {[%emt 00:01:20]} 19. Rxa6 {[%clk
00:55:14]} {[%emt 00:00:44]} Rxa6 {[%clk 00:34:26]} {[%emt 00:02:24]} 20. Rxa6
{[%clk 00:55:35]} {[%emt 00:00:15]} c3 {[%clk 00:34:27]} {[%emt 00:00:22]} 21.
Qd1 {[%clk 00:55:49]} {[%emt 00:00:31]} Qb5 {[%clk 00:34:35]} {[%emt 00:00:12]}
22. Qa1 {[%clk 00:54:40]} {[%emt 00:01:57]} Qxc5 {[%clk 00:34:44]} {[%emt
00:00:09]} 23. Ra5 {[%clk 00:54:59]} {[%emt 00:00:17]} Qb4 {[%clk 00:33:31]}
{[%emt 00:01:53]} 24. Nxe5 {[%clk 00:54:37]} {[%emt 00:00:25]} Qb2 {[%emt
00:03:22]} 25. Qd1 {[%clk 00:51:51]} {[%emt 00:00:17]} Rb8 {[%emt 00:03:14]} 26.
Nc4 {[%clk 00:50:59]} {[%emt 00:00:28]} Qb1 {[%clk 00:31:38]} {[%emt 00:00:43]}
27. Qxb1 {[%clk 00:51:26]} {[%emt 00:00:15]} Rxb1+ {[%clk 00:31:59]} {[%emt
00:00:04]} 28. Kh2 {[%emt 00:01:06]} Rc1 {[%clk 00:31:03]} {[%emt 00:00:11]} 29.
Ra2 {[%clk 00:52:18]} {[%emt 00:00:26]} Nf4 {[%clk 00:30:53]} {[%emt 00:00:25]}
30. g3 {[%clk 00:52:14]} {[%emt 00:00:29]} Ne6 {[%clk 00:30:50]} {[%emt
00:00:34]} 31. Kg2 {[%emt 00:01:17]} Nd4 {[%emt 00:00:05]} 32. Ne3 {[%clk
00:52:25]} Nc6 {[%clk 00:25:45]} {[%emt 00:05:50]} 33. Ra4 {[%clk 00:52:28]}
{[%emt 00:00:08]} Bd4 {[%clk 00:25:32]} {[%emt 00:00:47]} 34. Rc4 {[%clk
00:52:42]} {[%emt 00:00:15]} Bxe3 {[%clk 00:23:48]} {[%emt 00:02:25]} 35. fxe3
{[%clk 00:53:11]} Rxc2+ {[%clk 00:23:48]} {[%emt 00:00:18]} 36. Kf3 {[%clk
00:53:38]} {[%emt 00:00:44]} Ne5+ {[%clk 00:24:06]} 37. Kf4 {[%emt 00:00:08]}
Nxc4 {[%clk 00:24:24]} 38. dxc4 Rf2+ {[%clk 00:24:44]} 0-1

[ePGN "0.1;DGT LiveChess/2.2.7"]

[Event "Williamson Sheild 2026"]
[Site "Maynard Sinclaire Pavilion, Stormont, Belfast, United Kingdom"]
[Date "2026.01.24"]
[Round "3.4"]
[White "Coler, Ethan"]
[Black "Razbadauskas, Modestas"]
[Result "1-0"]
[TimeControl "60' + 30\""]
[WhiteFideId "2514818"]
[BlackFideId "2513358"]
[WhiteElo "2018"]
[BlackElo "1764"]

1. Nf3 {[%clk 01:00:59]} {[%emt 00:00:40]} d5 {[%clk 01:00:47]} {[%emt
00:00:15]} 2. g3 {[%clk 01:01:25]} g6 {[%clk 01:01:07]} 3. Bg2 {[%clk
01:01:50]} Bg7 {[%clk 01:01:26]} 4. d3 {[%clk 01:02:12]} {[%emt 00:00:05]} Nc6
{[%clk 01:01:44]} {[%emt 00:00:20]} 5. Nbd2 {[%clk 01:02:33]} {[%emt 00:00:04]}
Nf6 {[%clk 01:01:45]} {[%emt 00:00:19]} 6. O-O {[%clk 01:02:52]} {[%emt
00:00:39]} O-O {[%clk 01:02:00]} {[%emt 00:00:04]} 7. e4 {[%clk 01:02:34]}
{[%emt 00:00:32]} dxe4 {[%clk 01:02:02]} {[%emt 00:00:27]} 8. dxe4 {[%clk
01:02:58]} {[%emt 00:00:15]} Bg4 {[%clk 01:02:09]} {[%emt 00:00:41]} 9. h3
{[%clk 01:03:22]} {[%emt 00:00:03]} Bxf3 {[%clk 01:02:18]} {[%emt 00:00:05]} 10.
Bxf3 {[%clk 01:02:33]} {[%emt 00:01:11]} a6 {[%clk 01:01:40]} {[%emt 00:01:08]}
11. c3 {[%clk 01:02:48]} {[%emt 00:00:41]} Qd7 {[%clk 01:01:34]} {[%emt
00:00:15]} 12. Bg2 {[%clk 01:03:05]} {[%emt 00:00:10]} Nh5 {[%clk 01:00:54]}
{[%emt 00:01:08]} 13. Qc2 {[%clk 01:02:14]} {[%emt 00:01:52]} Rad8 {[%clk
01:00:26]} {[%emt 00:00:30]} 14. Nb3 {[%clk 01:01:34]} {[%emt 00:01:55]} b6
{[%clk 00:59:59]} {[%emt 00:00:09]} 15. Be3 {[%clk 01:01:14]} {[%emt 00:00:49]}
e6 {[%clk 00:59:12]} {[%emt 00:01:42]} 16. Rad1 {[%clk 00:59:16]} {[%emt
00:02:05]} Qe7 {[%clk 00:59:25]} {[%emt 00:00:27]} 17. Qe2 {[%clk 00:58:43]}
{[%emt 00:01:16]} a5 {[%clk 00:58:18]} {[%emt 00:01:14]} 18. g4 {[%clk
00:58:30]} {[%emt 00:00:53]} Nf6 {[%clk 00:58:17]} {[%emt 00:00:19]} 19. f4
{[%clk 00:58:40]} {[%emt 00:01:11]} Rxd1 {[%clk 00:56:48]} {[%emt 00:01:10]} 20.
Rxd1 {[%clk 00:59:07]} {[%emt 00:00:04]} a4 {[%clk 00:56:40]} {[%emt 00:01:11]}
21. Nd4 {[%clk 00:58:54]} {[%emt 00:00:07]} Nxd4 {[%clk 00:56:43]} {[%emt
00:00:29]} 22. Bxd4 {[%clk 00:58:59]} {[%emt 00:00:21]} Rd8 {[%clk 00:56:13]}
{[%emt 00:01:02]} 23. Be3 {[%clk 00:57:36]} {[%emt 00:01:52]} Rxd1+ {[%clk
00:56:13]} {[%emt 00:00:48]} 24. Qxd1 {[%clk 00:58:05]} Qd7 {[%clk 00:56:07]}
{[%emt 00:00:22]} 25. Qxd7 {[%clk 00:57:52]} {[%emt 00:00:39]} Nxd7 {[%clk
00:56:26]} {[%emt 00:00:37]} 26. e5 {[%clk 00:58:09]} Bf8 {[%clk 00:55:40]}
{[%emt 00:01:07]} 27. Kf1 {[%clk 00:57:25]} {[%emt 00:01:09]} Bc5 {[%clk
00:52:57]} {[%emt 00:03:16]} 28. Ke2 {[%clk 00:57:04]} {[%emt 00:00:48]} a3
{[%clk 00:52:13]} {[%emt 00:01:16]} 29. b4 {[%clk 00:56:37]} {[%emt 00:01:16]}
Bxe3 {[%clk 00:52:09]} {[%emt 00:00:25]} 30. Kxe3 {[%clk 00:56:54]} {[%emt
00:00:10]} Nb8 {[%clk 00:50:49]} {[%emt 00:01:44]} 31. Kd3 {[%clk 00:56:41]}
{[%emt 00:00:42]} Kf8 {[%clk 00:50:53]} {[%emt 00:00:26]} 32. Kc4 {[%clk
00:57:04]} {[%emt 00:00:16]} Ke7 {[%clk 00:50:55]} {[%emt 00:00:19]} 33. g5
{[%clk 00:56:51]} {[%emt 00:00:46]} Kd7 {[%clk 00:49:41]} {[%emt 00:01:49]} 34.
Kb3 {[%clk 00:57:10]} {[%emt 00:00:11]} Na6 {[%clk 00:49:48]} {[%emt 00:00:31]}
35. Kxa3 {[%clk 00:55:53]} {[%emt 00:01:30]} c5 {[%clk 00:49:55]} {[%emt
00:01:03]} 36. Kb3 {[%clk 00:54:34]} {[%emt 00:01:09]} cxb4 {[%clk 00:48:18]}
{[%emt 00:02:08]} 37. cxb4 {[%clk 00:54:50]} {[%emt 00:00:45]} Kc7 {[%clk
00:48:09]} {[%emt 00:00:08]} 38. Kc4 {[%clk 00:54:57]} {[%emt 00:00:23]} Nb8
{[%clk 00:47:37]} {[%emt 00:01:09]} 39. a4 {[%clk 00:55:03]} {[%emt 00:00:19]}
Na6 {[%clk 00:47:13]} {[%emt 00:00:52]} 40. Kb5 {[%clk 00:55:13]} {[%emt
00:00:39]} Nb8 {[%clk 00:47:24]} {[%emt 00:00:05]} 41. a5 {[%clk 00:55:02]}
{[%emt 00:01:12]} bxa5 {[%clk 00:47:25]} {[%emt 00:00:10]} 42. bxa5 {[%clk
00:55:28]} Nd7 {[%clk 00:44:59]} {[%emt 00:02:46]} 43. Bc6 {[%clk 00:55:11]}
{[%emt 00:00:43]} Nb8 {[%clk 00:45:11]} {[%emt 00:00:26]} 44. Be8 {[%clk
00:55:31]} {[%emt 00:00:09]} Kb7 {[%clk 00:43:35]} {[%emt 00:02:03]} 45. Bxf7
{[%clk 00:55:38]} {[%emt 00:00:20]} Nc6 {[%clk 00:43:51]} {[%emt 00:00:13]} 46.
a6+ {[%clk 00:55:40]} {[%emt 00:00:54]} Kc7 {[%clk 00:44:07]} {[%emt 00:00:05]}
47. Kc5 {[%clk 00:56:01]} {[%emt 00:00:05]} Nb8 {[%clk 00:42:15]} {[%emt
00:02:08]} 48. Bxe6 {[%clk 00:55:39]} {[%emt 00:00:54]} Nxa6+ {[%clk 00:42:29]}
{[%emt 00:00:22]} 49. Kc4 {[%clk 00:55:23]} {[%emt 00:00:39]} Kd8 {[%clk
00:42:31]} {[%emt 00:00:28]} 50. Bg8 {[%clk 00:55:40]} {[%emt 00:00:47]} Ke7
{[%clk 00:42:28]} {[%emt 00:00:08]} 51. Kd5 {[%clk 00:55:38]} {[%emt 00:00:23]}
Nc7+ {[%clk 00:42:24]} {[%emt 00:00:42]} 52. Kc6 {[%clk 00:56:00]} {[%emt
00:00:04]} Ne8 {[%clk 00:42:25]} {[%emt 00:00:27]} 53. Bxh7 {[%clk 00:55:37]}
{[%emt 00:00:51]} Ng7 {[%clk 00:42:03]} {[%emt 00:00:58]} 54. Bxg6 {[%clk
00:55:23]} {[%emt 00:00:37]} Ne6 {[%clk 00:42:25]} {[%emt 00:00:17]} 55. f5
{[%clk 00:55:42]} {[%emt 00:00:11]} Nxg5 {[%clk 00:42:43]} {[%emt 00:00:17]} 56.
Kd5 {[%clk 00:55:57]} {[%emt 00:00:06]} Nxh3 {[%clk 00:42:52]} {[%emt
00:00:17]} 57. f6+ {[%clk 00:56:17]} {[%emt 00:00:22]} Kf8 {[%clk 00:43:07]}
{[%emt 00:00:09]} 58. Ke4 {[%clk 00:55:29]} {[%emt 00:01:09]} Ng5+ {[%clk
00:41:38]} {[%emt 00:02:02]} 59. Kf5 {[%clk 00:55:43]} {[%emt 00:00:40]} Nf3
{[%clk 00:41:52]} {[%emt 00:00:05]} 60. e6 {[%clk 00:55:55]} {[%emt 00:00:04]}
Nh4+ {[%clk 00:41:07]} {[%emt 00:01:19]} 61. Kg5 {[%clk 00:56:11]} {[%emt
00:00:12]} Nf3+ {[%clk 00:41:26]} {[%emt 00:00:38]} 62. Kf4 {[%clk 00:56:26]}
{[%emt 00:00:08]} 1-0

[ePGN "0.1;DGT LiveChess/2.2.7"]

[Event "Williamson Sheild 2026"]
[Site "Maynard Sinclaire Pavilion, Stormont, Belfast, United Kingdom"]
[Date "2026.01.24"]
[Round "3.5"]
[White "Annesley, Gareth"]
[Black "Roberts, Danny"]
[Result "1-0"]
[TimeControl "60' + 30\""]
[WhiteFideId "250762"]
[BlackFideId "2501074"]
[WhiteElo "1920"]
[BlackElo "1932"]

1. e4 {[%clk 01:00:56]} {[%emt 00:00:07]} c5 {[%clk 01:00:54]} {[%emt
00:00:18]} 2. d4 {[%clk 00:59:22]} {[%emt 00:01:48]} cxd4 {[%clk 01:01:17]}
{[%emt 00:00:14]} 3. Qxd4 {[%clk 00:59:36]} {[%emt 00:00:41]} Nc6 {[%clk
01:01:28]} {[%emt 00:00:05]} 4. Qe3 {[%clk 00:59:52]} {[%emt 00:00:09]} g6
{[%clk 01:01:15]} {[%emt 00:00:31]} 5. Nc3 {[%clk 00:58:08]} {[%emt 00:02:18]}
Bg7 {[%clk 01:01:17]} {[%emt 00:00:35]} 6. Nf3 {[%clk 00:57:32]} {[%emt
00:01:19]} d6 {[%clk 01:01:26]} {[%emt 00:00:04]} 7. Bd2 {[%clk 00:56:07]}
{[%emt 00:01:48]} Nf6 {[%clk 01:01:22]} {[%emt 00:00:58]} 8. O-O-O {[%clk
00:56:23]} {[%emt 00:00:04]} O-O {[%clk 00:59:05]} {[%emt 00:02:44]} 9. h3
{[%clk 00:54:36]} {[%emt 00:02:05]} Bd7 {[%clk 00:58:18]} {[%emt 00:01:23]} 10.
Nd5 {[%clk 00:53:23]} {[%emt 00:01:38]} Rb8 {[%clk 00:55:34]} {[%emt 00:03:31]}
11. Bc3 {[%clk 00:53:23]} {[%emt 00:00:18]} b5 {[%clk 00:53:54]} {[%emt
00:02:03]} 12. Nxf6+ {[%clk 00:43:07]} {[%emt 00:10:46]} exf6 {[%clk 00:54:17]}
{[%emt 00:00:35]} 13. Rxd6 {[%clk 00:43:13]} {[%emt 00:00:04]} b4 {[%clk
00:54:37]} {[%emt 00:00:10]} 14. Bd2 {[%clk 00:40:55]} {[%emt 00:02:40]} Qc7
{[%clk 00:54:52]} {[%emt 00:00:19]} 15. Qc5 {[%clk 00:38:41]} {[%emt 00:02:50]}
Rfc8 {[%clk 00:53:18]} {[%emt 00:02:03]} 16. Bc4 {[%clk 00:32:00]} {[%emt
00:07:09]} Bf8 {[%clk 00:49:50]} {[%emt 00:03:51]} 17. Qd5 {[%clk 00:31:45]}
{[%emt 00:00:46]} Be8 {[%clk 00:46:09]} {[%emt 00:04:29]} 18. Rxf6 {[%clk
00:29:03]} {[%emt 00:02:52]} Na5 {[%clk 00:45:47]} {[%emt 00:01:07]} 19. Bb3
{[%clk 00:25:15]} {[%emt 00:04:03]} Bc6 {[%clk 00:39:16]} {[%emt 00:07:08]} 20.
Qxf7+ {[%clk 00:19:10]} {[%emt 00:06:55]} Qxf7 {[%clk 00:39:37]} 21. Bxf7+
{[%clk 00:19:31]} Kg7 {[%clk 00:40:00]} {[%emt 00:00:04]} 22. e5 {[%clk
00:17:42]} {[%emt 00:02:50]} Be4 {[%clk 00:39:46]} {[%emt 00:00:11]} 23. Ng5
{[%clk 00:14:50]} {[%emt 00:03:18]} Rxc2+ {[%clk 00:36:05]} {[%emt 00:04:31]}
24. Kd1 {[%clk 00:15:09]} Bd3 {[%clk 00:34:58]} {[%emt 00:01:32]} 25. Bd5
{[%clk 00:13:26]} {[%emt 00:02:08]} Re8 {[%clk 00:31:59]} {[%emt 00:03:31]} 26.
Rf7+ {[%clk 00:13:28]} {[%emt 00:00:33]} Kh8 {[%clk 00:32:13]} {[%emt
00:00:11]} 27. Rxh7# {[%emt 00:00:50]} 1-0

[ePGN "0.1;DGT LiveChess/2.2.7"]